| 000 | 00557nam a2200229Ia 4500 | ||
|---|---|---|---|
| 003 | 0100 | ||
| 008 | 130307s9999 xx 000 0 und d | ||
| 040 | _cARRUPELIB | ||
| 050 | _aBX2005.G15 | ||
| 100 | _aGanoczy, Alexander | ||
| 245 | _aBecoming christian | ||
| 245 | _ba theology of Baptism as the sacrament of human history | ||
| 260 | _aNew York | ||
| 260 | _bPaulist press | ||
| 260 | _c1976 | ||
| 300 | _a113p. | ||
| 300 | _b18cm | ||
| 650 | _bHasidim - Biography | ||
| 650 | _cHasidim - Legends | ||
| 700 | _aLynch, John G | ||
| 942 | 0 | 0 | _01 |
| 999 |
_c97977 _d97977 |
||